00988nam a2200253 a 4500001001000000003000400010005001700014008004100031020001800072040002500090082002500115100003800140245010700178260004200285300003600327500004900363590002600412600003700438650004800475910003700523942001400560952014300574999001700717000049187Ost20260321073644.0190726s2009 dr a r 000 0bspa d a9789945452174 aDO-SdBNPbspacBNPHU 4a923.27293bB742G2221 aGarcía Estrella, Félix91873510aJuan Bosch en primer plano :blos hechos más sobresalientes de su vida /cFélix García Estrella. aSanto Domingo :bNuevo Diario,c2009. a169 p. :bil. , fots. ;c21 cm. aIncluye datos biográficos del autor : p. 5 aInventariado, 2019/BT10a Bosch, Juan, d1909-200197655514aRepública DominicanavBiografías957541 aValidado. Control de calidad MFF 2ddccLBS1 00102ddc718PDaBNPHUbBNPHUcHDd2019-07-26oBNPHU PD 923.27293 B742Gp49188-10r2020-06-25w2020-06-25yLBS1zDonado por Maritza Baez. c48675d48675